| 000 | 01185cam a2200253 i 4500 | ||
|---|---|---|---|
| 005 | 20260203114936.0 | ||
| 008 | 130816t20132013njua 001 0 eng | ||
| 020 | _a9781394378722 | ||
| 040 |
_akablib _beng _ckablib _erda _dkablib |
||
| 082 | 0 | 0 |
_a512.5 _223 _bANT |
| 100 | 1 |
_aAnton, Howard, _eauthor. _915032 |
|
| 245 | 1 | 0 |
_aElementary linear algebra / _cHoward Anton, Professor Emeritus, Drexel University. |
| 250 | _a12th edition. | ||
| 264 | 1 |
_aHoboken, NJ : _bWiley, _c2025 |
|
| 264 | 4 | _c2025 | |
| 300 |
_aIX, 735p. _billustrations ; _c28 cm |
||
| 500 | _aIncludes index. | ||
| 500 | _aincludes appendix | ||
| 505 | 0 | _a1. Systems of linear equations and matrices --2. Determinants --3. Euclidian vector spaces --4. General vector spaces -- 5. Eignvalues and eigenvectors -- 6. Inner product spaces -- 7. Diagonolization and quadratic forms -- 8. General linear transformations -- 9. Numerical methods. | |
| 650 | 0 |
_aAlgebras, Linear _vTextbooks. _915033 |
|
| 776 | 0 | 8 |
_iOnline version: _aAnton, Howard, author. _tElementary linear algebra _b12th edition. _dHoboken, NJ : John Wiley & Sons Inc., [2013] |
| 906 |
_a7 _bcbc _corignew _d1 _eecip _f20 _gy-gencatlg |
||
| 942 |
_2ddc _cBOOK _e12 |
||
| 999 |
_c5958 _d5958 |
||